| 000 | 00787nam a2200217 i 4500 | ||
|---|---|---|---|
| 001 | 163489 | ||
| 003 | ES-MaACL | ||
| 005 | 20250728063134.0 | ||
| 008 | 050712s1897 it | |||||||| ||ita d | ||
| 040 |
_aCAM _bspa _cCAM |
||
| 080 | _a272-789.9 Escolapios | ||
| 100 | 1 |
_aRicciotti, Giuseppe, _d1890-1964 _eaut _996885 |
|
| 245 | 1 | 2 |
_aI grandi delle scuole pie : _bapunti storici / _cGiuseppe Ricciotti |
| 260 |
_aAlatri : _b[s.n.], _c1897 _f(Tip. Oreste de Andreis) |
||
| 300 |
_a25, [7] páginas ; _c22 cm. |
||
| 610 | 2 | 4 |
_aEscolapios _93513 |
| 852 |
_aES-MaACL _cDEPOF _hDonat. Biblioteca de Palacio _jT-933-F-1 _xEnc. en un vol. facticio _xHolandesa, conservando enc. original |
||
| 942 |
_2udc _cFOLLETOS _n0 |
||
| 999 |
_c163489 _d163489 |
||